[Event "Titled Tuesday intern op 5th May"]
[Site "Chess.com INT"]
[Date "2020.05.05"]
[Round "7"]
[White "Batsaikhan, Tserendori"]
[Black "Pham, Le Thao Nguyen"]
[Result "0-1"]
[WhiteElo "2277"]
[BlackElo "2366"]
[PlyCount "140"]
[EventDate "2020.05.05"]
[EventType "swiss (blitz)"]
[EventRounds "10"]
[EventCountry "USA"]
[SourceTitle "EXT 2021"]
[Source "ChessBase"]
[SourceDate "2020.10.23"]
[SourceVersion "1"]
[SourceVersionDate "2020.10.23"]
[SourceQuality "1"]

1. d4 d5 2. c4 c6 3. Nc3 Nf6 4. Nf3 dxc4 5. a4 Bf5 6. e3 e6 7. Bxc4 Bb4 8. 0-0 Nbd7 9. Qe2 Bg6 10. Rd1 0-0 11. Na2 Bd6 12. Nc3 Qe7 13. h3 a5 14. e4 e5 15. Bg5 Rfe8 16. d5 Bb4 17. Nh4 Bxc3 18. d6 Qd8 19. Nxg6 hxg6 20. bxc3 Nf8 21. Rab1 Qd7 22. Qf3 N6h7 23. Be3 Ne6 24. Ba2 b5 25. axb5 cxb5 26. Rd5 Rab8 27. Qe2 b4 28. cxb4 axb4 29. Bc4 Nf6 30. Bb5 Rxb5 31. Qxb5 Rd8 32. Qxd7 Rxd7 33. Rd2 Nxe4 34. Rd5 Nc3 35. Rdd1 Nxb1 36. Rxb1 Rxd6 37. Rxb4 f6 38. Kh2 Rd3 39. Rb8+ Kf7 40. Rb7+ Kg8 41. Re7 Nd4 42. Rd7 Kh7 43. Re7 g5 44. Bc1 Kg6 45. Ba3 Rxa3 46. Rc7 Rd3 47. g4 Rd2 48. h4 Rxf2+ 49. Kg1 Rf3 50. h5+ Kh7 51. Rc8 Rf4 52. Kg2 Rxg4+ 53. Kh3 Rf4 54. Kg3 Rh4 55. h6 Nf5+ 56. Kf3 Rxh6 57. Kg4 Nd4 58. Kg3 Rh4 59. Kg2 Kg6 60. Kg3 Rf4 61. Kg2 Nf5 62. Kh3 e4 63. Kg2 e3 64. Re8 Rf2+ 65. Kg1 g4 66. Re4 Kg5 67. Kh1 g3 68. Kg1 e2 69. Re3 Nxe3 70. Kh1 e1Q# 0-1

[Event "Titled Tuesday intern op 5th May"]
[Site "Chess.com INT"]
[Date "2020.05.05"]
[Round "1"]
[White "Cerveny, Martin"]
[Black "Batsaikhan, Tserendori"]
[Result "0-1"]
[WhiteElo "2386"]
[BlackElo "2278"]
[PlyCount "116"]
[EventDate "2020.05.05"]
[EventType "swiss (blitz)"]
[EventRounds "10"]
[EventCountry "USA"]
[SourceTitle "EXT 2021"]
[Source "ChessBase"]
[SourceDate "2020.10.23"]
[SourceVersion "1"]
[SourceVersionDate "2020.10.23"]
[SourceQuality "1"]

1. d4 Nf6 2. c4 g6 3. Nc3 d5 4. cxd5 Nxd5 5. e4 Nxc3 6. bxc3 Bg7 7. Nf3 0-0 8. Be2 b6 9. 0-0 Bb7 10. Qd3 Nd7 11. Bg5 Nf6 12. e5 Nd5 13. a3 h6 14. Bd2 e6 15. h4 c5 16. h5 Ne7 17. hxg6 fxg6 18. Nh4 Qe8 19. Qh3 Nf5 20. Nxf5 gxf5 21. Bxh6 Qg6 22. Bxg7 Kxg7 23. dxc5 bxc5 24. Rad1 Rad8 25. Bf3 Rh8 26. Qg3 Qxg3 27. fxg3 Ba6 28. Rfe1 Kf7 29. Kf2 Ke7 30. Ke3 Rb8 31. Rb1 Rb6 32. Rxb6 axb6 33. Rb1 Rb8 34. Rh1 Rd8 35. Rh7+ Kf8 36. Rh8+ Ke7 37. Rxd8 Kxd8 38. Kf4 Ke7 39. Kg5 Bd3 40. g4 fxg4 41. Bxg4 Kf7 42. Kh6 b5 43. Bf3 Ke7 44. g4 Kf7 45. g5 Bg6 46. Bh5 Bxh5 47. Kxh5 Kg7 48. g6 Kg8 49. Kh6 Kh8 50. g7+ Kg8 51. Kg6 b4 52. axb4 cxb4 53. c4 b3 54. c5 b2 55. c6 b1Q+ 56. Kf6 Qb6 57. Kxe6 Qxc6+ 58. Kf5 Kxg7 0-1

[Event "Titled Tuesday intern op 5th May"]
[Site "Chess.com INT"]
[Date "2020.05.05"]
[Round "8"]
[White "Neelotpal, Das"]
[Black "Batsaikhan, Tserendori"]
[Result "1-0"]
[WhiteElo "2425"]
[BlackElo "2272"]
[PlyCount "103"]
[EventDate "2020.05.05"]
[EventType "swiss (blitz)"]
[EventRounds "10"]
[EventCountry "USA"]
[SourceTitle "EXT 2021"]
[Source "ChessBase"]
[SourceDate "2020.10.23"]
[SourceVersion "1"]
[SourceVersionDate "2020.10.23"]
[SourceQuality "1"]

1. e4 e6 2. d4 d5 3. Nd2 Nf6 4. e5 Nfd7 5. c3 c5 6. Ngf3 Nc6 7. Nb3 a5 8. a4 Be7 9. Bb5 cxd4 10. cxd4 Nb4 11. 0-0 0-0 12. Bd2 Nb6 13. Nc5 Nc4 14. Bxb4 axb4 15. Qb3 b6 16. Nd3 Na5 17. Qd1 Bd7 18. Bxd7 Qxd7 19. b3 Rfc8 20. Rb1 Rc3 21. Nfe1 b5 22. axb5 Qxb5 23. f4 Qb6 24. Nf3 Nc6 25. Nf2 Ra3 26. Kh1 Na5 27. Nh3 h6 28. f5 exf5 29. Nf4 Qc6 30. e6 fxe6 31. Ne5 Qc8 32. Qh5 Bf6 33. Qf7+ Kh7 34. Nxe6 Bxe5 35. dxe5 Qg8 36. Qxf5+ Kh8 37. Qg4 Raxb3 38. Rbd1 Rc4 39. Qf5 Rc8 40. Nf4 Rbc3 41. Ng6+ Kh7 42. e6 b3 43. Ne7+ g6 44. Qe5 Qg7 45. Rf7 Qxf7 46. exf7 Rc1 47. Rg1 b2 48. Qxb2 Rxg1+ 49. Kxg1 Nc4 50. Qf6 Rf8 51. Qxg6+ Kh8 52. Qxh6# 1-0

[Event "Titled Tuesday intern op 28th Apr"]
[Site "Chess.com INT"]
[Date "2020.04.28"]
[Round "8"]
[White "Batsaikhan, Tserendori"]
[Black "Dukic, Zachary"]
[Result "0-1"]
[WhiteElo "2268"]
[BlackElo "2149"]
[PlyCount "94"]
[EventDate "2020.04.28"]
[EventType "swiss (blitz)"]
[EventRounds "10"]
[EventCountry "USA"]
[SourceTitle "EXT 2021"]
[Source "ChessBase"]
[SourceDate "2020.10.23"]
[SourceVersion "1"]
[SourceVersionDate "2020.10.23"]
[SourceQuality "1"]

1. e4 e5 2. Nf3 Nc6 3. Bb5 a6 4. Ba4 Nf6 5. 0-0 Be7 6. Re1 b5 7. Bb3 0-0 8. c3 d5 9. exd5 Nxd5 10. Nxe5 Nxe5 11. Rxe5 c6 12. d3 Bd6 13. Re1 Bf5 14. Qf3 Re8 15. Be3 Qd7 16. h3 Bxd3 17. Nd2 Nxe3 18. Rxe3 Rxe3 19. fxe3 Bg6 20. Rd1 Qe7 21. Nf1 Rc8 22. a4 c5 23. axb5 axb5 24. Bd5 h6 25. e4 Re8 26. Bc6 Rb8 27. Qd3 Bf4 28. Ne3 c4 29. Qe2 Qc5 30. Rd4 Qxc6 31. Nd5 Bg5 32. Qg4 Re8 33. h4 Bd8 34. h5 Bh7 35. Nb4 Qe6 36. Qxe6 fxe6 37. Rd6 Be7 38. Rc6 Bxe4 39. Rc7 Bd6 40. Rd7 Bc5+ 41. Kf1 Rf8+ 42. Ke2 Rf2+ 43. Ke1 Rxb2 44. Na6 Bf2+ 45. Kd1 Bxg2 46. Nc7 Be3 47. Ke1 Bf3 0-1

[Event "Titled Tuesday intern op 28th Apr"]
[Site "Chess.com INT"]
[Date "2020.04.28"]
[Round "2"]
[White "Batsaikhan, Tserendori"]
[Black "Khotenashvili, Bela"]
[Result "0-1"]
[WhiteElo "2226"]
[BlackElo "2458"]
[PlyCount "98"]
[EventDate "2020.04.28"]
[EventType "swiss (blitz)"]
[EventRounds "10"]
[EventCountry "USA"]
[SourceTitle "EXT 2021"]
[Source "ChessBase"]
[SourceDate "2020.10.23"]
[SourceVersion "1"]
[SourceVersionDate "2020.10.23"]
[SourceQuality "1"]

1. e4 c6 2. d4 d5 3. e5 Bf5 4. h4 h5 5. Ne2 e6 6. Ng3 Bg6 7. c4 Be7 8. Nc3 Bxh4 9. Bd3 Bxg3 10. fxg3 Bxd3 11. Qxd3 Ne7 12. g4 h4 13. Bg5 Qb6 14. 0-0-0 Nd7 15. Rxh4 Rxh4 16. Bxh4 Ng6 17. Bg5 a6 18. Rf1 Ndf8 19. Qf3 Qc7 20. c5 Rb8 21. Na4 Nh7 22. Bd2 Qe7 23. g3 Ng5 24. Bxg5 Qxg5+ 25. Kb1 Qe7 26. Nb6 Kf8 27. Rh1 Rd8 28. Rf1 Kg8 29. g5 Rf8 30. Qh5 Rd8 31. Rh1 Qc7 32. Qh7+ Kf8 33. Rf1 Ke8 34. Qg8+ Nf8 35. Qxg7 Qe7 36. Rf6 Ng6 37. Qg8+ Qf8 38. Rxg6 fxg6 39. Qxe6+ Qe7 40. Qxg6+ Qf7 41. Qf6 Qxf6 42. gxf6 Kf7 43. g4 Rg8 44. g5 Rxg5 45. Nc8 Ke6 46. Nd6 Rg4 47. Nxb7 Rxd4 48. Nd8+ Kd7 49. Nf7 Re4 0-1

[Event "Titled Tuesday intern op 28th Apr"]
[Site "Chess.com INT"]
[Date "2020.04.28"]
[Round "6"]
[White "Kim, Sergey2222"]
[Black "Batsaikhan, Tserendori"]
[Result "0-1"]
[WhiteElo "2295"]
[BlackElo "2259"]
[PlyCount "120"]
[EventDate "2020.04.28"]
[EventType "swiss (blitz)"]
[EventRounds "10"]
[EventCountry "USA"]
[SourceTitle "EXT 2021"]
[Source "ChessBase"]
[SourceDate "2020.10.23"]
[SourceVersion "1"]
[SourceVersionDate "2020.10.23"]
[SourceQuality "1"]

1. d4 Nf6 2. c4 e6 3. Nc3 d5 4. Nf3 dxc4 5. e3 a6 6. a4 c5 7. Bxc4 Nc6 8. 0-0 Qc7 9. Re1 Be7 10. h3 0-0 11. Ba2 Nb4 12. Bb1 Rd8 13. Qe2 b6 14. Rd1 a5 15. Nb5 Qb8 16. e4 cxd4 17. Nfxd4 e5 18. Nf5 Bxf5 19. exf5 Rxd1+ 20. Qxd1 Qb7 21. Be3 Rd8 22. Qe2 h6 23. Bc2 Qc6 24. Bb3 Rd3 25. Rc1 Qd7 26. Bc4 Qxf5 27. Bxd3 Nxd3 28. Rc7 Bb4 29. Qf3 Qg6 30. b3 Ne1 31. Qg3 Qb1 32. Rc8+ Kh7 33. Rc1 Qf5 34. Bxb6 Nd3 35. Rf1 Nf4 36. Qf3 e4 37. Qd1 N6d5 38. Be3 Qg5 39. Bxf4 Nxf4 40. Qg4 Qf6 41. Rd1 h5 42. Qc8 Qg5 43. g3 Ne2+ 44. Kf1 Qf6 45. Kxe2 Qf3+ 46. Kf1 Qxd1+ 47. Kg2 Qf3+ 48. Kg1 Be1 49. Qc2 g6 50. Kf1 Bb4 51. Nd4 Qh1+ 52. Ke2 Qxh3 53. Qxe4 Qh2 54. Qf3 Kg7 55. Nc6 Qg1 56. Ne5 Qe1+ 57. Kd3 Qc3+ 58. Ke4 f5+ 59. Kd5 Qc5+ 60. Ke6 Qd6# 0-1

[Event "Titled Tuesday intern op 28th Apr"]
[Site "Chess.com INT"]
[Date "2020.04.28"]
[Round "9"]
[White "Papp, Levente"]
[Black "Batsaikhan, Tserendori"]
[Result "1-0"]
[WhiteElo "2361"]
[BlackElo "2264"]
[PlyCount "111"]
[EventDate "2020.04.28"]
[EventType "swiss (blitz)"]
[EventRounds "10"]
[EventCountry "USA"]
[SourceTitle "EXT 2021"]
[Source "ChessBase"]
[SourceDate "2020.10.23"]
[SourceVersion "1"]
[SourceVersionDate "2020.10.23"]
[SourceQuality "1"]

1. c4 Nf6 2. Nc3 e6 3. e4 e5 4. Nf3 Nc6 5. d4 exd4 6. Nxd4 Bb4 7. Nxc6 bxc6 8. e5 Ne4 9. Qd4 Nxc3 10. bxc3 Be7 11. Bd3 0-0 12. 0-0 d5 13. Rd1 Be6 14. Be3 Qc8 15. cxd5 cxd5 16. Qf4 c5 17. Qg3 Re8 18. f4 Rd8 19. Qf3 Bg4 20. Qg3 Bxd1 21. Rxd1 d4 22. cxd4 cxd4 23. Bf2 g6 24. f5 Bf8 25. e6 fxe6 26. fxg6 h6 27. Qh3 Bg7 28. Re1 Re8 29. Bg3 Qd7 30. Be5 Rad8 31. Qh5 Qd5 32. g3 Rf8 33. Qe2 Rb8 34. Bxg7 Kxg7 35. Rc1 Rbc8 36. Rb1 Qd6 37. Rb7+ Rc7 38. Rb1 Rc6 39. Re1 Rc7 40. Qe4 e5 41. Rb1 Qf6 42. Kg2 Qf2+ 43. Kh3 Qf6 44. Rf1 h5 45. Rxf6 Rxf6 46. Qxe5 Rd7 47. g4 hxg4+ 48. Kxg4 Rdd6 49. h4 Rde6 50. Qxd4 Rd6 51. Qxa7+ Kg8 52. Bc4+ Kf8 53. g7+ Ke8 54. g8Q+ Rf8 55. Bf7+ Kd8 56. Qxf8# 1-0

[Event "MGL-ch"]
[Site "Ulaanbaatar"]
[Date "2009.04.19"]
[Round "14"]
[White "Byambaa, Zulzaga"]
[Black "Batsaikhan, Tserendori"]
[Result "1-0"]
[WhiteElo "2272"]
[BlackElo "2068"]
[PlyCount "105"]
[EventDate "2009.04.11"]
[EventType "tourn"]
[EventRounds "17"]
[EventCountry "MGL"]
[EventCategory "2"]
[SourceTitle "CBM 130 Extra"]
[Source "ChessBase"]
[SourceDate "2009.07.02"]
[SourceVersion "2"]
[SourceVersionDate "2009.07.15"]
[SourceQuality "1"]

1. e4 e5 2. Nf3 Nc6 3. Bb5 a6 4. Ba4 Nf6 5. 0-0 Be7 6. Re1 b5 7. Bb3 d6 8. c3 0-0 9. a4 Bg4 10. h3 Bxf3 11. Qxf3 Na5 12. Bc2 b4 13. d4 c5 14. d5 b3 15. Bd3 c4 16. Bf1 Nd7 17. Be3 Bg5 18. Nd2 Rc8 19. Qh5 Bxe3 20. Rxe3 g6 21. Qh6 Qf6 22. Rf3 Qg7 23. Qe3 Rc5 24. g4 Kh8 25. Be2 f6 26. h4 Nb6 27. Rh3 Qd7 28. Qh6 Kg8 29. Rg3 Qg7 30. Qe3 Qd7 31. Nf1 Nxa4 32. Qd2 Nb6 33. Ne3 Kf7 34. g5 f5 35. exf5 gxf5 36. Nxf5 Ke8 37. Ne3 Kd8 38. Bg4 Qe7 39. Be6 Kc7 40. h5 Nc6 41. g6 hxg6 42. hxg6 Nd8 43. g7 Nxe6 44. dxe6 Rg8 45. Nf5 Qxe6 46. Nh6 Rd5 47. Qg5 e4 48. Qf4 e3 49. Qxe3 Re5 50. Qf4 Nd7 51. Nxg8 Qxg8 52. Rg4 Nc5 53. Qf8 1-0

[Event "MGL-ch"]
[Site "Ulaanbaatar"]
[Date "2009.04.11"]
[Round "2"]
[White "Batsaikhan, Tserendori"]
[Black "Khatanbaatar, Bazar"]
[Result "0-1"]
[WhiteElo "2068"]
[BlackElo "2403"]
[PlyCount "104"]
[EventDate "2009.04.11"]
[EventType "tourn"]
[EventRounds "17"]
[EventCountry "MGL"]
[EventCategory "2"]
[SourceTitle "CBM 130 Extra"]
[Source "ChessBase"]
[SourceDate "2009.07.02"]
[SourceVersion "2"]
[SourceVersionDate "2009.07.15"]
[SourceQuality "1"]

1. d4 d5 2. c4 c6 3. Nc3 Nf6 4. Nf3 a6 5. e3 b5 6. b3 Nbd7 7. Bb2 e6 8. Qc2 Bb7 9. Be2 Be7 10. 0-0 0-0 11. Rab1 Rc8 12. Bd3 g6 13. h3 Re8 14. Ne2 c5 15. Ne5 cxd4 16. exd4 Nxe5 17. dxe5 Nd7 18. Bc3 dxc4 19. bxc4 Nc5 20. Rfd1 Nxd3 21. Rxd3 Qc7 22. Rd4 bxc4 23. Rg4 Bf8 24. Nf4 Bg7 25. Re1 Red8 26. h4 Bc6 27. h5 Be8 28. hxg6 hxg6 29. Qe4 Qc6 30. Qe3 Qa4 31. Rg3 Rd1 32. Nh5 Rd3 33. Qf4 Rxg3 34. Nf6+ Bxf6 35. exf6 Qa3 36. Qxg3 Rd8 37. Re3 Rd1+ 38. Kh2 Rd5 39. Be5 Qc1 40. Qh4 Rd1 41. Kh3 Rh1+ 42. Bh2 Qd1 43. Re5 Qd6 44. Qg3 Bc6 45. Re3 Qxg3+ 46. Kxg3 Kh7 47. Rc3 Bd5 48. f3 g5 49. Kh3 Kg6 50. g4 Kxf6 51. Kg2 Rd1 52. Ra3 Rd3 0-1